000
002750000a22000970004500
100
1
_a
Llewelyn, S. R. (Stephen)
245
1
0
_a
Mt. 7:6a : Mistranslation or interpretation?
300
_a
Vol. 31, Num. 2 (Abril, 1989), Páginas 97-103
773
0
_t
Novum Testamentum
942
_c
ANA
999
_c
56769
_d
56769